000 00880cab a2200265 4500
001 ABS51436
008 090401t1994 xxu||||| |||| 00| 0 eng d
035 _a(Sirsi) u26637
041 _aeng
100 _aCourt, Y.
245 _aAre the initiatives effective?
260 _c1994
350 _a0
490 _aEstates Gazette
_v(9436) 10 September 1994, 138-139(2)
520 _aOutlines the results of two surveys into Town Centre Management (TCM), summarising findings on awareness of the concept, organisation, function and role of the town centre manager, measurements of effectiveness and conclusions reached.
650 _aAWARENESS
650 _aEFFECTIVENESS
650 _aRESEARCH
650 _aTOWN CENTRE MANAGEMENT
650 _aTOWN CENTRES
690 _aPLANNING LAW AND PRACTICE
700 _aSouthwell, Z.
942 _n0
948 _c04/03/1997
999 _c17920
_d17920